Cincuenta años de la asociación de Lingüística y Filología de la América Latina -ALFAL-: historia de una sociedad científico-lingüistica -1964-2014

Uloženo v:
Podrobná bibliografie
Hlavní autoři: Calero Vaquera, María Luisa (Autor), Zamora Aguilar, Alfonso (Autor)
Médium: Kniha
Jazyk:španělština
Vydáno: Montevideo Alfal 2014
Vydání:1a. ed
Témata:
Tagy: Přidat tag
Žádné tagy, Buďte první, kdo vytvoří štítek k tomuto záznamu!

MARC

LEADER 00000cam a2200000 a 4500
001 UCE3415
003 CL-VaPUC
008 140829e20140600uy |||||||||||||||||spa|d
020 |a 9789974995208 
082 0 4 |a 417.7  |b CAL  |2 21 
100 0 |a Calero Vaquera, María Luisa  |e author  |9 575890 
700 0 |a Zamora Aguilar, Alfonso  |e author  |9 575891 
245 1 0 |a Cincuenta años de la asociación de Lingüística y Filología de la América Latina -ALFAL-: historia de una sociedad científico-lingüistica -1964-2014 
250 |a 1a. ed 
300 |a 276 p 
942 |c BK 
945 |d 20140829 09:00:00  |a arojas 
260 |a Montevideo  |b Alfal  |c 2014 
650 0 |a Lingüística  |9 265068 
650 0 |a Investigación lingüística  |9 329785 
651 0 |a América Latina   |9 255027 
583 |a last modification  |c 20170531 10:47:23  |k Rodrigo Vera 
999 |c 356719  |d 356717 
952 |0 0  |1 0  |3 erb  |4 0  |6 417_700000000000000_CAL_2014  |7 0  |8 A  |9 464270  |a FDOPOS  |b FDOPOS  |i 5111323  |o 417.7 CAL 2014  |p 5111323  |r 2025-01-22  |w 2019-11-23  |y BK  |z Catalogado en:20140829  |k DLA